Communes Limitrophes de Nantes - Statistiques

Statistiques générales
  • Ce quiz a été pris 611 fois
    509 depuis la dernière actualisation
  • Le résultat moyen est 8 sur 11
Statistiques - réponses
Position Commune % Correct
Ouest Saint-Herblain
91%
Sud Rezé
90%
Nord-Ouest Orvault
86%
Sud Saint-Sébastien-Sur-Loire
81%
Nord-Est Carquefou
79%
Sud-Est Vertou
74%
Nord La Chapelle-Sur-Erdre
65%
Est Sainte-Luce-Sur-Loire
62%
Sud-Ouest Bouguenais
61%
Sud-Est Basse-Goulaine
53%
Nord-Ouest Treillières
19%
Aucun quiz correspondant
Distribution des résultats
% des personnes avec chaque résultat
Percentile par nombre de réponses
Votre historique - résultats
Vous n’avez pas pris ce quiz depuis la dernière actualisation